[Event "HUN-chT2 Breyer 1516"]
[Site "Hungary"]
[Date "2015.11.08"]
[Round "4.9"]
[White "Ruip, Janos"]
[Black "Bedecs, Marton"]
[Result "1/2-1/2"]
[WhiteElo "2121"]
[BlackElo "1798"]
[PlyCount "150"]
[EventDate "2015.09.13"]
[EventType "team-tourn"]
[EventRounds "11"]
[EventCountry "HUN"]
[SourceTitle "CBM 170 Extra"]
[Source "ChessBase"]
[SourceDate "2016.02.25"]
[SourceVersion "1"]
[SourceVersionDate "2016.02.25"]
[SourceQuality "1"]
[WhiteTeam "Biatorbagy"]
[BlackTeam "Sarkany DSE"]
[WhiteTeamCountry "HUN"]
[BlackTeamCountry "HUN"]

1. e4 c5 2. Nc3 Nc6 3. g3 g6 4. Bg2 Bg7 5. d3 d6 6. Be3 e5 7. Nge2 Nge7 8. 0-0 0-0 9. Qd2 Nd4 10. f4 Be6 11. Nd5 Nxd5 12. exd5 Bg4 13. Nc3 Qd7 14. Rae1 Rac8 15. Ne4 Bf5 16. c3 Nb5 17. Nf2 a6 18. h3 Qd8 19. g4 Bd7 20. Qd1 f5 21. g5 c4 22. a4 Nc7 23. dxc4 exf4 24. Bxf4 Ne8 25. Qb3 Qc7 26. Re7 Qxc4 27. Qxc4 Rxc4 28. Nd3 Bxa4 29. Rxb7 Bb5 30. Re1 Rc7 31. Rxc7 Nxc7 32. Nb4 Re8 33. Kf2 Rxe1 34. Kxe1 Ne8 35. Kd2 Kf7 36. b3 a5 37. Nc2 Ke7 38. Na3 Bd7 39. Nc4 a4 40. b4 Bb5 41. Na3 Nc7 42. Kc2 Bd7 43. c4 Na6 44. Bd2 Be5 45. Bf1 f4 46. c5 Bf5+ 47. Kc1 Nc7 48. Bg2 Bd3 49. Bf3 Bf1 50. h4 Bd3 51. c6 Kf7 52. Be1 Bd4 53. Nc2 Be5 54. Bf2 Bc4 55. Bb6 Nxd5 56. Ba5 Ne7 57. Bd8 Nc8 58. Na3 Be6 59. b5 d5 60. Ba5 Bd6 61. Nc2 Bc5 62. Kb2 Nd6 63. Na3 Bxa3+ 64. Kxa3 Nxb5+ 65. Kxa4 Nd4 66. Bg2 Nxc6 67. Bc7 Nd4 68. Bxf4 Nf5 69. h5 gxh5 70. Kb4 Nd4 71. Kc5 Ne2 72. Be5 Kg6 73. Bf1 Nc1 74. Bf6 Nb3+ 75. Kd6 Bf5 1/2-1/2

[Event "Sofia op 2nd"]
[Site "Sofia"]
[Date "2011.10.08"]
[Round "8"]
[White "Yordanov, Georgi"]
[Black "Bedecs, Marton"]
[Result "1/2-1/2"]
[WhiteElo "1695"]
[BlackElo "1706"]
[PlyCount "64"]
[EventDate "2011.10.03"]
[EventType "swiss"]
[EventRounds "9"]
[EventCountry "BUL"]
[SourceTitle "CBM 144 Extra"]
[Source "ChessBase"]
[SourceDate "2011.10.28"]
[SourceVersion "1"]
[SourceVersionDate "2011.10.28"]
[SourceQuality "1"]

1. e4 c5 2. Nf3 Nc6 3. d4 cxd4 4. Nxd4 Nf6 5. Nc3 e5 6. Ndb5 d6 7. Bg5 a6 8. Na3 b5 9. Bxf6 Qxf6 10. Nd5 Qd8 11. Be2 Be6 12. 0-0 Nd4 13. c3 Nxe2+ 14. Qxe2 Bxd5 15. exd5 Be7 16. Nc2 0-0 17. Nb4 f5 18. Nc6 Qd7 19. a4 bxa4 20. Rxa4 a5 21. Rfa1 Bd8 22. b4 Qf7 23. c4 Bb6 24. bxa5 Bc5 25. Rb1 f4 26. Rb3 Rfe8 27. Qe4 Qh5 28. Ra1 Qh4 29. Rf1 h6 30. Rb5 Qg5 31. Kh1 Qh4 32. f3 Qh5 1/2-1/2

[Event "Sofia Nikolov Memorial 1st"]
[Site "Sofia"]
[Date "2011.03.06"]
[Round "6"]
[White "Bedecs, Marton"]
[Black "Najdenova, Jana"]
[Result "1-0"]
[WhiteElo "1674"]
[BlackElo "1457"]
[PlyCount "49"]
[EventDate "2011.03.03"]
[EventType "swiss"]
[EventRounds "7"]
[EventCountry "BUL"]
[SourceTitle "CBM 141 Extra"]
[Source "ChessBase"]
[SourceDate "2011.05.03"]
[SourceVersion "1"]
[SourceVersionDate "2011.05.03"]
[SourceQuality "1"]

1. e4 e5 2. Nf3 Nc6 3. Bc4 d6 4. Nc3 Bg4 5. d3 Bxf3 6. Qxf3 Nf6 7. 0-0 Nd4 8. Qd1 Qd7 9. Nd5 c6 10. Nxf6+ gxf6 11. c3 Ne6 12. d4 d5 13. exd5 cxd5 14. Bb3 e4 15. f3 f5 16. fxe4 fxe4 17. Qh5 0-0-0 18. Rxf7 Qd6 19. Rxh7 Bg7 20. g3 Rxh7 21. Qxh7 Rh8 22. Qf5 Rf8 23. Qxd5 Qxd5 24. Bxd5 Nc7 25. Bxe4 1-0

[Event "Sofia Nikolov Memorial 1st"]
[Site "Sofia"]
[Date "2011.03.04"]
[Round "2"]
[White "Bedecs, Marton"]
[Black "Tsenov, Tsvetoslav"]
[Result "1/2-1/2"]
[WhiteElo "1674"]
[BlackElo "2155"]
[PlyCount "111"]
[EventDate "2011.03.03"]
[EventType "swiss"]
[EventRounds "7"]
[EventCountry "BUL"]
[SourceTitle "CBM 141 Extra"]
[Source "ChessBase"]
[SourceDate "2011.05.03"]
[SourceVersion "1"]
[SourceVersionDate "2011.05.03"]
[SourceQuality "1"]

1. e4 c5 2. Nf3 g6 3. c3 Bg7 4. Bc4 e6 5. d4 cxd4 6. Nxd4 a6 7. 0-0 Ne7 8. Bg5 h6 9. Bxe7 Qxe7 10. Nd2 0-0 11. N2f3 Qc5 12. Qd3 b5 13. Bb3 Bb7 14. Rfe1 d5 15. exd5 Bxd5 16. Bxd5 Qxd5 17. Qe4 Qxe4 18. Rxe4 Nd7 19. Rd1 Nc5 20. Re2 Rac8 21. Red2 Rc7 22. Nc2 Na4 23. Nb4 a5 24. Nd3 Rd8 25. Nde5 Rxd2 26. Rxd2 g5 27. Ng4 b4 28. Ne3 bxc3 29. bxc3 Nxc3 30. h3 Kh7 31. Rc2 a4 32. Nd2 f5 33. Nb1 Kg6 34. Na3 Rd7 35. Nac4 h5 36. g4 hxg4 37. hxg4 f4 38. Ng2 Rd4 39. Nd2 Rb4 40. a3 Rb5 41. Ne1 Rc5 42. Ndf3 Rd5 43. Rb2 Rb5 44. Rd2 Rd5 45. Rb2 Bf8 46. Rc2 Ne4 47. Re2 Nc5 48. Ne5+ Kf6 49. N1f3 Nd3 50. Nc4 Bc5 51. Nfd2 Ke7 52. Kg2 Bd4 53. Nf3 Bf6 54. Nb6 Rb5 55. Nxa4 Rb1 56. Rc2 1/2-1/2